Datum a čas kvízu
28.5
Celkem bodů
Celkový počet nahraných bodů na tomto kvízu bez doplňovacích otázek.
10.
Pořadí na kvízu
Konečné umístění týmu na tomto kvízu.
Zaznamenané odpovědi
| # | Otázka | Odpověď | Body | Výsledky |
|---|---|---|---|---|
| 1. | Při informování o rozdělení mi... | prevence | 1 | |
| 2. | K půlročnímu vězení odsoudil n... | líbali se | 0 | |
| 3. | Minulý týden proběhl pařížský... | Heidi Klum | 0 | |
| 4. | V letošním roce byla udělena N... | C | 1 | |
| 5. | Hokejová extraliga zažila v mi... | HC Sparta Praha, HC Dynamo Pardubice | 1 | |
| 6. | Rozdělení Římské říše mezi Hon... | na konci 4. století | 1 | |
| 7. | Ve 14. století Evropu sevřela... | D | 0 | |
| 8. | Podepsání Mnichovské dohody by... | appeasement (politika appeasementu) | 0 | |
| 9. | Jedním z největších přešlapů m... | Lehman Brothers | 0 | |
| 10. | Jak moc velkou chybou byl či n... | A | 0 |